| 000 | 00728nam a22002297a 4500 | ||
|---|---|---|---|
| 003 | DO-SdBNP | ||
| 005 | 20170714095132.0 | ||
| 008 | 170714b 1999 sp 00| 0 spa d | ||
| 020 | _a8439281129 | ||
| 040 |
_aBPMSU _bspa _cBPMSU |
||
| 082 |
_a863.6 _bO83l |
||
| 100 | _aOsorio, Marta. | ||
| 245 |
_aEl lagarto soñador / _cMarta Osorio ; ilustraciones Violeta Monreal. |
||
| 260 |
_aMadrid : Ediciones Gaviota, 1999. _bEdiciones Gaviota, _c1999. |
||
| 300 |
_a[70] p. : _bil. ; _c19 cm. |
||
| 490 | _aGaviota junior | ||
| 500 | _aEdad de lectura recomendada a partir de los 6 años. | ||
| 650 | _aCuentos infantiles españoles | ||
| 830 | _aGaviota junior | ||
| 942 |
_2ddc _cMP |
||
| 956 |
_aVMATEO _b10 _c20170714 _dBPMSU _f0069 |
||
| 999 |
_c12587 _d12587 |
||